| 000 | 00774nam a2200253Ia 4500 | ||
|---|---|---|---|
| 003 | BUBTL | ||
| 008 | 151213s9999 xx 000 0 und d | ||
| 020 | _a8185386161 | ||
| 041 | _aEnglish | ||
| 082 |
_a658.83/ B6923m/ 2002 _b _2 8th |
||
| 100 |
_aBoyd, Harper W. _91333 |
||
| 245 |
_a Marketing Research/ Text & Cases: _cHaper W. Boyd, Ralph Westfall and Stanley F. Stasch |
||
| 250 | _a8th | ||
| 260 |
_aNew Delhi _bAITBS _cc2002 |
||
| 300 |
_axv, 816p.: _bill, Chart, ;21cm. |
||
| 500 | _aIncludes Index. | ||
| 526 | _aBBA, MBA | ||
| 650 | 0 |
_aMarketing Research _91336 |
|
| 650 | _aMarketing | ||
| 700 |
_aHaper W. Boyd, Ralph Westfall and Stanley F. Stasch _95410 |
||
| 856 |
_k0 _l0 _yDownload |
||
| 942 |
_2ddc _cBK _e8th |
||
| 999 |
_c4797 _d4797 |
||